Demografická analýza vybraných ukazovateľov rómskej populácie na Slovensku

Nesmierna dôležitosť výskumnej činnosti v oblasti rómskej problematiky. Príchod Rómov na naše územie. Problematika rómskej populácie na Slovensku. Demografický vývoj vybraných ukazovateľov (vek, pohlavie, rodinný stav, pôrodnosť, úmrtnosť a zdravotná situácia).

Saved in:
Bibliographic Details
Main Author: Sivašová, Daniela, 1955-
Format: Book Chapter
Language:Slovak
Subjects:
Tags: Add Tag
No Tags, Be the first to tag this record!

MARC

LEADER 00000naa$a2200000$$$4500
001 0260739
005 20240502074131.1
041 0 |a slo 
044 |a SK 
245 1 0 |a Demografická analýza vybraných ukazovateľov rómskej populácie na Slovensku  |c Daniela Sivašová 
520 |a Nesmierna dôležitosť výskumnej činnosti v oblasti rómskej problematiky. Príchod Rómov na naše územie. Problematika rómskej populácie na Slovensku. Demografický vývoj vybraných ukazovateľov (vek, pohlavie, rodinný stav, pôrodnosť, úmrtnosť a zdravotná situácia). 
610 2 0 |a Rómovia 
610 2 0 |a migrácia 
610 2 0 |a etnikum 
610 2 0 |a úroveň životná 
610 2 0 |a segregácia 
610 2 0 |a demografia 
100 1 |a Sivašová, Daniela, 1955-